000 00636nam a2200241 i 4500
001 C2-0251871
003 PPAK
005 20180727215151.0
008 031012s2002 my |||| ||||| | may d
020 _a983893500X
040 _aPPAK
_beng
_cPPAK
_erda
082 0 4 _a899.233
_223
090 0 0 _a899.233
_bMUH
_dG
100 0 _aMuhd. Nasruddin Dasuki,
_eauthor
245 1 0 _aSecebis impian
264 1 _aKuala Lumpur :
_bCreative Enterprise ,
_c2002
300 _a328 pages ;
_c18 cm
336 _2rdacontent
_atext
337 _2rdamedia
_aunmediated
338 _2rdacarrier
_avolume
650 1 0 _aMalay fiction
942 _ddc
_cB
999 _c64976
_d64976